Sports Quiz

Random Sports or Letter Quiz
Score 0/26 Timer 10:00
0 Plays Today
Nickname Actual Name % Correct
The AnswerAllen Iverson
88.9%
The MailmanKarl Malone
83.3%
Lightning BoltUsain Bolt
83.3%
The Round Mound Of ReboundCharles Barkley
80.6%
Big PapiDavid Ortiz
80.6%
Mr. OctoberReggie Jackson
77.8%
The FridgeWilliam Perry
75%
Shaquie ChanYao Ming
75%
Charlie HustlePete Rose
72.2%
The Big HurtFrank Thomas
69.4%
The BusJerome Bettis
69.4%
Big BabyGlen Davis
66.7%
The Golden BoyOscar De La Hoya
63.9%
Nickname Actual Name % Correct
The Real DealEvander Holyfield
58.3%
The X-ManXavier McDaniel
58.3%
ZizouZinedine Zidane
52.8%
The Next OneSidney Crosby
50%
Wild ThingMitch Williams
44.4%
The MissleQadry Ismail
41.7%
The Splendid SplinterTed Williams
41.7%
The Law FirmBenJarvus Green-Ellis
36.1%
The Canadian ClubberLarry Walker
33.3%
The 'Bulin WallNikolai Khabibulin
22.2%
The Stratford StreakHowie Morenz
2.8%
The ProfessorIgor Larionov
2.8%
Frank The TankVladimir Tarasenko
2.8%
Remove Ads.
Support Sporcle.
Get the best of Sporcle when you Go Orange. This ad-free experience offers more features, more stats, and more fun while also helping to support Sporcle. Thank you for becoming a member.

You're not logged in!

Compare scores with friends on all Sporcle quizzes.
OR
Log In

Show Comments

Extras

Created Oct 10, 2017ReportNominate
Tags:Letter Quiz, A-Z, Actual, common, last, nickname

Top Quizzes Today


Score Distribution

Your Account Isn't Verified!

In order to create a playlist on Sporcle, you need to verify the email address you used during registration. Go to your Sporcle Settings to finish the process.

Report this User

Report this user for behavior that violates our Community Guidelines.

Details: